| 000 | 00917cab a2200217 4500 | ||
|---|---|---|---|
| 001 | WB2810-04 | ||
| 008 | 090401t1992 xxu||||| |||| 00| 0 eng d | ||
| 035 | _a(Sirsi) u49567 | ||
| 041 | _aeng | ||
| 245 | _aDoE statement on mundic blighted houses | ||
| 260 | _c1992 | ||
| 350 | _a0 | ||
| 490 |
_aDoE News Release _v(176) 27 February 1992 |
||
| 490 |
_aWestern Morning News _v28 February 1992, 1(3) |
||
| 520 | _aThe DoE has issued a statement on the problem of houses in Cornwall affected by mundic blight. The RICS and BRE are due to release a guidance leaflet advising homeowners on precautions which can be taken to reduce the risks to property. The BRE is undertaking research to devise a test procedure for distinguishing between mundic and non-mundic concrete. | ||
| 650 | _aCORNWALL | ||
| 650 | _aMUNDIC BLOCK | ||
| 690 | _aBUILT ENVIRONMENT-BUILDING PATHOLOGY | ||
| 942 | _n0 | ||
| 948 | _c04/03/1997 | ||
| 999 |
_c31027 _d31027 |
||